Statistiques concernant Villes les plus peuplés de Siberie

Cliquez ici pour prendre le quiz!

Statistiques générales

  • Ce quiz a été pris 29 fois
  • Le résultat moyen est 8 sur 20

Statistiques - réponses

PopulationVille Sibérienne% Correct
584 442Irkoutsk
96%
584 496Vladivostok
96%
1 417 000Novossibirsk
92%
1 127 000Omsk
83%
906 949Krasnoïarsk
67%
216 588Iakoutsk
58%
484 765Tomsk
58%
360 619Oulan-Oude
46%
599 296Barnaoul
38%
474 595Kemerovo
33%
576 445Khabarovsk
33%
536 257Novokouznetsk
25%
260 245Bratsk
21%
305 492Tchita
21%
183 721Petropavlovsk-Kamtchatski
13%
241 868Angarsk
4%
214 412Biïsk
4%
222 010Blagovechtchensk
4%
273 203Komsomolsk-sur-l'Amour
4%
212 226Prokopievsk
0%

Distribution des résultats

Percentile par nombre de réponses

% des personnes avec chaque résultat

Votre développement - résultats

Vous n’avez pas pris ce quiz